000 00336nam a22001457a 4500
003 OSt
005 20160727222405.0
008 160623b xxu||||| |||| 00| 0 eng d
040 _cTEST
100 _9795
_aCarman
245 _aSatan Bite the Dust!
260 _aTulsa
_bAlbury Pub
_c1971
300 _aSatan Bite the Dust!
942 _2ddc
_cBK
999 _c653
_d653